[Event "Paris-ch Open B"]
[Site "Paris"]
[Date "2012.07.11"]
[Round "3.6"]
[White "Farinone, Jean Marc"]
[Black "Rynik, Gerard"]
[Result "1/2-1/2"]
[WhiteElo "1844"]
[BlackElo "1758"]
[PlyCount "91"]
[EventDate "2012.07.07"]
[EventCountry "FRA"]
[SourceDate "2012.07.07"]

1. d4 b6 2. e4 Bb7 3. Bd3 e6 4. Nf3 g6 5. Bg5 f6 6. Be3 Bg7 7. c4 Ne7 8. Nc3
O-O 9. Qd2 f5 10. Bh6 Bxe4 11. Bxg7 Kxg7 12. Bxe4 fxe4 13. Nxe4 Nf5 14. O-O Nd6
15. Nxd6 cxd6 16. Rfe1 Na6 17. Ng5 Qf6 18. Ne4 Qe7 19. Re3 Nc7 20. Rh3 h5 21.
Nc3 Rf5 22. Re3 Raf8 23. f3 d5 24. cxd5 Nxd5 25. Re5 Nxc3 26. Qxc3 d6 27. Re3
Qg5 28. Kh1 Qe7 29. Rae1 R5f6 30. Qc6 Re8 31. Qc4 Qd7 32. Rc3 Rf7 33. Rec1 e5
34. Qd3 Qf5 35. Qxf5 gxf5 36. dxe5 dxe5 37. Kg1 Re6 38. Kf2 Rd7 39. Ke2 Kf6 40.
Rc6 Rg7 41. Kf2 Rd7 42. Rxe6+ Kxe6 43. Rc2 Kf6 44. Rc6+ Kg5 45. Ke2 h4 46. Re6
1/2-1/2

[Event "Paris-ch Open B"]
[Site "Paris"]
[Date "2012.07.11"]
[Round "3.7"]
[White "Delerme, Raymond"]
[Black "Marceau, Amaury"]
[Result "0-1"]
[WhiteElo "1752"]
[BlackElo "1843"]
[PlyCount "114"]
[EventDate "2012.07.07"]
[EventCountry "FRA"]
[SourceDate "2012.07.07"]

1. d4 Nf6 2. c4 g6 3. Nc3 Bg7 4. e4 d6 5. f3 O-O 6. Be3 Nc6 7. Nge2 a6 8. a4
Rb8 9. Ng3 Nb4 10. Be2 c5 11. dxc5 dxc5 12. Bxc5 Qxd1+ 13. Rxd1 Nc6 14. Kf2 b6
15. Be3 Na5 16. Nd5 Nxd5 17. cxd5 Nb3 18. Bc4 Nc5 19. b3 Bd7 20. Ne2 b5 21.
axb5 axb5 22. Bxc5 bxc4 23. bxc4 Rfc8 24. Bxe7 Rxc4 25. Rc1 Ra4 26. Rc2 f5 27.
Bd6 Re8 28. Ng3 Bd4+ 29. Ke2 Bb5+ 30. Kd2 Bb6 31. Ne2 fxe4 32. fxe4 Raxe4 33.
Nc3 Be3+ 34. Ke1 Rc4 35. Kd1 Rd4+ 36. Ke1 Bd3 37. Ra2 Bc4 38. Rc2 Ra8 39. Ra2
Bxa2 40. Ke2 Bd2 41. Nxa2 Rxa2 42. Kf3 Rxd5 43. Bg3 Rf5+ 44. Ke4 Ra4+ 45. Kd3
Bf4 46. Rb1 Bxg3 47. hxg3 Ra3+ 48. Ke4 Rxg3 49. Rb7 Rxg2 50. Ra7 Rg4+ 51. Ke3
h5 52. Rb7 h4 53. Rb1 h3 54. Rh1 Ra4 55. Rh2 Rb5 56. Rd2 h2 57. Rd1 Rb3+ 0-1

[Event "Paris-ch Open B"]
[Site "Paris"]
[Date "2012.07.09"]
[Round "3.8"]
[White "Ettayeb, Jemchid"]
[Black "Touati, Bruno"]
[Result "1-0"]
[WhiteElo "1752"]
[BlackElo "1840"]
[PlyCount "65"]
[EventDate "2012.07.07"]
[EventCountry "FRA"]
[SourceDate "2012.07.07"]

1. c4 Nf6 2. Nc3 c6 3. e4 d5 4. e5 Ne4 5. cxd5 Nxc3 6. bxc3 Qxd5 7. d4 g6 8.
Nf3 Bg7 9. Bd3 O-O 10. Ba3 Re8 11. O-O Bg4 12. Qb3 Bxf3 13. Bc4 Qe4 14. Bxf7+
Kh8 15. gxf3 Qxf3 16. Rfe1 Rf8 17. e6 Qg4+ 18. Kh1 Qf3+ 19. Kg1 Qg4+ 20. Kf1
Qh3+ 21. Ke2 Qh5+ 22. Kd2 Bh6+ 23. Kc2 Qf5+ 24. Kb2 Qxf2+ 25. Qc2 Qh4 26. Qe4
Qg5 27. Qe5+ Qxe5 28. Rxe5 Nd7 29. exd7 Rxf7 30. Rxe7 Rff8 31. Rae1 Bg5 32. Re8
Rg8 33. Rxa8 1-0

[Event "Paris-ch Open B"]
[Site "Paris"]
[Date "2012.07.09"]
[Round "3.9"]
[White "Spiette, Jean Michel"]
[Black "Roque, Gaetan"]
[Result "1-0"]
[WhiteElo "1832"]
[BlackElo "1755"]
[Annotator "Triger,Franck"]
[PlyCount "41"]
[EventDate "2012.07.07"]
[EventCountry "FRA"]
[SourceDate "2012.07.07"]

1. e4 d6 2. d4 Nf6 3. Nc3 Nbd7 4. Nf3 e5 5. dxe5 dxe5 6. Bc4 Be7 7. Bxf7+ Kxf7
8. Ng5+ Kg8 9. Ne6 Qe8 10. Nxc7 Qg6 11. Nxa8 Qxg2 12. Rf1 Ng4 ({RR} 12... Nc5
13. Qe2 Bh3 14. Be3 Qxf1+ 15. Qxf1 Bxf1 16. Kxf1 Kf7 ({RR} 16... Ncxe4 17. Nxe4
Nxe4 18. Bxa7 Kf7 19. Nb6 Ke6 20. Re1 Nxf2 21. Kxf2 Bh4+ 22. Ke2 Bxe1 23. Kxe1
Rf8 24. b3 g5 25. a4 g4 26. Nc4 h5 27. Bf2 Kd5 28. Bg3 e4 29. Ke2 Rf3 30. Ne3+
Kd4 31. Kd2 {Aleskerov,F (2339)-Stopa,J (2482)/Los Angeles USA 2011/The Week
in Chess 895/1-0 (52)}) 17. Nc7 Nfxe4 18. N7d5 Rc8 19. Nxe7 Kxe7 20. Nxe4 Nxe4
21. c3 a6 22. Re1 Kf6 23. Rd1 Ke6 24. Ke2 Nf6 25. Rg1 g6 26. Kd3 b5 27. a4 {
Candela Perez,J (2315)-Izeta Txabarri,F (2510)/Spain 1993/TD/1-0 (68)}) 13.
Qd5+ Kf8 14. Bf4 $146 ({RR} 14. Qc4 Nc5 15. Be3 Be6 16. Qe2 Nxh2 17. f3 Qxe2+
18. Nxe2 Nxf1 19. Kxf1 b6 20. Nc7 Kf7 21. Nd5 Bxd5 22. exd5 Nb7 23. Nc3 Rd8 24.
Rd1 Bd6 25. Nb5 Bb8 26. Bg5 Rd7 27. c4 h6 28. Be3 Nd6 {Arosemena,N-Al Jelda,F 
(1822)/Khanty Mansiysk 2010/CBM 139/1/2-1/2 (46)}) 14... exf4 15. O-O-O g6 16.
Qc4 Kg7 17. Rg1 Qf3 18. Qe6 Re8 19. Nc7 Rf8 20. Qxe7+ Rf7 21. Ne6+ 1-0

[Event "Paris-ch Open B"]
[Site "Paris"]
[Date "2012.07.09"]
[Round "3.10"]
[White "Le Bris, Louis"]
[Black "Delarama, Rolando"]
[Result "1-0"]
[WhiteElo "1824"]
[BlackElo "1752"]
[PlyCount "73"]
[EventDate "2012.07.07"]
[EventCountry "FRA"]
[SourceDate "2012.07.07"]

1. e4 e5 2. Nf3 d6 3. Bc4 Bg4 4. h3 Bxf3 5. Qxf3 Nf6 6. Qb3 d5 7. exd5 Bd6 8.
Qxb7 Nbd7 9. Bb5 O-O 10. Bxd7 Qxd7 11. Qc6 Qf5 12. Nc3 Ne4 13. O-O Ng5 14. Ne2
e4 15. Ng3 Qg6 16. Qc3 f5 17. d3 f4 18. h4 Nh3+ 19. gxh3 f3 20. h5 Qf7 21. dxe4
Bxg3 22. fxg3 Qxh5 23. Kh2 Rae8 24. g4 Qf7 25. Qd4 f2 26. Be3 Qg6 27. e5 h5 28.
e6 Rf3 29. Rxf2 hxg4 30. Qxg4 Qxg4 31. hxg4 Rxe3 32. Raf1 Re4 33. Rf4 Re5 34.
c4 c6 35. d6 R5xe6 36. d7 Rd8 37. Rf8+ 1-0

[Event "Paris-ch Open B"]
[Site "Paris"]
[Date "2012.07.10"]
[Round "4.1"]
[White "Jacq, Rene"]
[Black "Mayot, Philippe"]
[Result "1-0"]
[WhiteElo "1818"]
[BlackElo "1885"]
[PlyCount "57"]
[EventDate "2012.07.07"]
[EventCountry "FRA"]
[SourceDate "2012.07.07"]

1. d4 d5 2. Nf3 Nf6 3. c4 dxc4 4. Nc3 e6 5. Bg5 c5 6. e3 a6 7. Bxc4 b5 8. Bb3
Bb7 9. dxc5 Nbd7 10. O-O Nxc5 11. Nd4 Nxb3 12. Qxb3 Bd6 13. h3 O-O 14. Nxe6
fxe6 15. Qxe6+ Rf7 16. Rfd1 Be7 17. Rxd8+ Rxd8 18. Rd1 Rdf8 19. Qb3 Kh8 20.
Bxf6 Rxf6 21. Rd2 Bc5 22. Nd5 Rg6 23. e4 h5 24. Qc2 Rc8 25. Qd1 Rg5 26. Nc3 b4
27. Rd8+ Kh7 28. Rxc8 Bxc8 29. Qd8 1-0

[Event "Paris-ch Open B"]
[Site "Paris"]
[Date "2012.07.10"]
[Round "4.2"]
[White "Durand, Sylvain"]
[Black "Hajage, Michael"]
[Result "0-1"]
[WhiteElo "1865"]
[BlackElo "1818"]
[PlyCount "98"]
[EventDate "2012.07.07"]
[EventCountry "FRA"]
[SourceDate "2012.07.07"]

1. e4 e5 2. f4 Bc5 3. Nf3 d6 4. c3 Bb6 5. d4 exd4 6. cxd4 Bg4 7. Be2 Nf6 8. Nc3
Nc6 9. Be3 Qe7 10. Qd3 O-O-O 11. h3 Nb4 12. Qb1 Nbd5 13. Nxd5 Nxd5 14. Bd2 Bxf3
15. Bxf3 Qh4+ 16. Kd1 Nxf4 17. Bg4+ f5 18. Bxf5+ Kb8 19. Bxf4 Qxf4 20. Qd3 d5
21. e5 Qxd4 22. Qxd4 Bxd4 23. e6 Bxb2 24. Rb1 Bf6 25. h4 g6 26. Bd3 Rhe8 27. h5
Rxe6 28. hxg6 hxg6 29. Bxg6 Bg5 30. Bf5 Re5 31. g4 b6 32. Rb2 Kb7 33. Rc2 Re7
34. Rh5 Bf4 35. g5 Rde8 36. Rf2 Re1+ 37. Kc2 R8e2+ 38. Rxe2 Rxe2+ 39. Kb3 Be5
40. g6 Bd4 41. Bd3 Rb2+ 42. Ka3 Rd2 43. Rh3 a6 44. Bf5 b5 45. Rg3 Kb6 46. Rg4
Kc5 47. Bb1 a5 48. g7 Bb2+ 49. Kb3 a4+ 0-1

[Event "Paris-ch Open B"]
[Site "Paris"]
[Date "2012.07.10"]
[Round "4.3"]
[White "Stili, Karim"]
[Black "Ettayeb, Jemchid"]
[Result "1-0"]
[WhiteElo "1858"]
[BlackElo "1750"]
[PlyCount "101"]
[EventDate "2012.07.07"]
[EventCountry "FRA"]
[SourceDate "2012.07.07"]

1. e4 c5 2. Nf3 g6 3. d4 cxd4 4. Nxd4 Bg7 5. Nc3 Qb6 6. Nde2 Nc6 7. g3 d6 8. h3
Be6 9. Bg2 Nf6 10. b3 d5 11. exd5 Rd8 12. Be3 Qa5 13. Bd2 Nxd5 14. Nxd5 Rxd5
15. Bxa5 Rxd1+ 16. Rxd1 Nxa5 17. O-O Nc6 18. Nf4 Bf5 19. c4 h5 20. Rfe1 O-O 21.
a3 g5 22. Nxh5 Bc3 23. Re3 Bd4 24. Re2 e5 25. g4 Bg6 26. Nf6+ Kg7 27. Nd7 Rc8
28. Bxc6 bxc6 29. Nxe5 Bxe5 30. Rxe5 Bc2 31. Rd7 Bxb3 32. Rxg5+ Kf6 33. Rf5+
Ke6 34. Rdxf7 Bxc4 35. Rxa7 Bd3 36. Rh5 c5 37. Rb7 c4 38. Rb6+ Kf7 39. Rbb5 Ke6
40. Rhe5+ Kf6 41. g5+ Kg6 42. Re6+ Kg7 43. Rb7+ Kg8 44. Ree7 Rf8 45. Rg7+ Kh8
46. g6 Rf6 47. Rh7+ Kg8 48. Rbg7+ Kf8 49. Rd7 Rxg6+ 50. Kh2 Ke8 51. Rb7 1-0

[Event "Paris-ch Open B"]
[Site "Paris"]
[Date "2012.07.10"]
[Round "4.4"]
[White "Delille, Fabrice"]
[Black "Vuddamalay, Milan"]
[Result "0-1"]
[WhiteElo "1787"]
[BlackElo "1857"]
[PlyCount "84"]
[EventDate "2012.07.07"]
[EventCountry "FRA"]
[SourceDate "2012.07.07"]

1. e4 c5 2. Nc3 Nc6 3. g3 g6 4. Bg2 Bg7 5. d3 d6 6. Be3 Nf6 7. h3 Qb6 8. Rb1
O-O 9. Qd2 Nd4 10. Nd1 Be6 11. b3 Qa6 12. c3 Nc6 13. Ne2 Rfd8 14. Nf4 d5 15.
Nxe6 fxe6 16. exd5 Nxd5 17. Bxc5 Nxc3 18. Nxc3 Rxd3 19. Bf1 Rxd2 20. Bxa6 Bxc3
21. O-O bxa6 22. Be3 Rd3 23. Rbc1 Nb4 24. a3 Nd5 25. Bh6 Rb8 26. b4 Bg7 27.
Bxg7 Kxg7 28. Rc6 Rxa3 29. Rxe6 Rxb4 30. Rd1 Rb5 31. Re5 Raa5 32. Rde1 Kf7 33.
h4 Rb6 34. h5 Rab5 35. Rd1 e6 36. hxg6+ hxg6 37. Rc1 Rb1 38. Ree1 Rxc1 39. Rxc1
a5 40. Rc4 Ra6 41. Ra4 Nb6 42. Ra2 a4 0-1

[Event "Paris-ch Open B"]
[Site "Paris"]
[Date "2012.07.10"]
[Round "4.5"]
[White "Marceau, Amaury"]
[Black "Basset, Come"]
[Result "1-0"]
[WhiteElo "1843"]
[BlackElo "1721"]
[PlyCount "63"]
[EventDate "2012.07.07"]
[EventCountry "FRA"]
[SourceDate "2012.07.07"]

1. Nf3 d5 2. d4 c6 3. e3 Bf5 4. c4 Nf6 5. Be2 e6 6. O-O Be7 7. Nc3 h6 8. Bd3
Ne4 9. Qc2 O-O 10. Nxe4 Bxe4 11. Bxe4 dxe4 12. Qxe4 Nd7 13. Bd2 Nf6 14. Qc2 Qc7
15. b4 b6 16. Rfd1 c5 17. bxc5 bxc5 18. Rab1 Rfc8 19. Rdc1 cxd4 20. Nxd4 Ng4
21. g3 Ne5 22. Bb4 a5 23. Bxe7 Qxe7 24. c5 Ng4 25. c6 e5 26. Rb7 Qf6 27. Nf5
Rxc6 28. Ne7+ Qxe7 29. Rxe7 Rxc2 30. Rxc2 Rd8 31. h3 Kf8 32. Rcc7 1-0

[Event "Paris-ch Open B"]
[Site "Paris"]
[Date "2012.07.11"]
[Round "4.6"]
[White "Lalanne, Tony"]
[Black "Spiette, Jean Michel"]
[Result "1-0"]
[WhiteElo "1723"]
[BlackElo "1832"]
[Annotator "Triger,Franck"]
[PlyCount "61"]
[EventDate "2012.07.07"]
[EventCountry "FRA"]
[SourceDate "2012.07.07"]

1. e4 c5 2. Nf3 Nc6 3. d4 cxd4 4. Nxd4 Ne5 5. Nc3 e6 6. Ndb5 d6 7. Bf4 f6 8.
Qd2 Nf7 9. Be3 a6 10. Nd4 Be7 11. Bc4 e5 12. Ne6 Bxe6 13. Bxe6 Ng5 14. Bd5 Qc7
15. h4 Nf7 16. O-O-O Bd8 17. Bxf7+ Qxf7 18. Qxd6 Ne7 19. Qd7+ Kf8 20. Qxb7 (20.
Qxd8+ Rxd8 21. Rxd8+ Qe8 22. Rxe8+ Kxe8 23. Rd1 $18) 20... Rc8 21. Rd7 Qc4 22.
Rhd1 Kf7 23. Qb3 Kg6 24. Qxc4 Rxc4 25. Rxd8 Rxd8 26. Rxd8 f5 27. Rd6+ Kh5 28.
Bg5 Nc6 29. exf5 Nd4 30. f3 g6 31. g4# 1-0

[Event "Paris-ch Open B"]
[Site "Paris"]
[Date "2012.07.10"]
[Round "4.7"]
[White "Engel, Gerard"]
[Black "Le Bris, Louis"]
[Result "0-1"]
[WhiteElo "1679"]
[BlackElo "1824"]
[PlyCount "74"]
[EventDate "2012.07.07"]
[EventCountry "FRA"]
[SourceDate "2012.07.07"]

1. c4 e5 2. Nc3 f5 3. g3 Nc6 4. Bg2 Nf6 5. d3 g6 6. Nf3 Bg7 7. O-O O-O 8. Rb1
d6 9. a3 Ne7 10. e4 fxe4 11. dxe4 Bg4 12. h3 Be6 13. Qe2 Qc8 14. Kh2 Nc6 15.
Nd5 h6 16. b4 Qd7 17. b5 Nd8 18. Rd1 b6 19. Nxf6+ Bxf6 20. Bxh6 Rf7 21. Bg5 Qe7
22. h4 Bg4 23. Qe3 Ne6 24. Bxf6 Qxf6 25. Rd3 Raf8 26. Rbb3 Bxf3 27. Bxf3 Nc5
28. Bg2 Nxb3 29. Rxb3 Qxf2 30. Qh6 Qf6 31. Qd2 Kg7 32. Qd5 Qf2 33. Qd1 Qa2 34.
Rc3 Rf2 35. Kh3 Rxg2 36. Rf3 Rh2+ 37. Kg4 Rxf3 0-1

[Event "Paris-ch Open B"]
[Site "Paris"]
[Date "2012.07.10"]
[Round "4.8"]
[White "Assedo, Johaquim"]
[Black "Freund, Jeremy"]
[Result "1/2-1/2"]
[WhiteElo "1890"]
[BlackElo "1778"]
[PlyCount "90"]
[EventDate "2012.07.07"]
[EventCountry "FRA"]
[SourceDate "2012.07.07"]

1. e4 e6 2. d4 d5 3. Nc3 Nf6 4. e5 Nfd7 5. f4 c5 6. Nf3 Nc6 7. Be3 Qa5 8. Kf2
cxd4 9. Nxd4 Bc5 10. a3 Bxd4 11. Bxd4 a6 12. b4 Qc7 13. Na4 O-O 14. c3 f6 15.
Nc5 Nxd4 16. Nxd7 Bxd7 17. cxd4 fxe5 18. g3 exf4 19. g4 Qc3 20. Be2 Rac8 21.
Qd3 Bb5 22. Qxc3 Rxc3 23. Bxb5 axb5 24. g5 Ra8 25. Rhc1 Rd3 26. Rc7 Rxd4 27.
Rxb7 Rxb4 28. Re1 Re4 29. Rc1 Rc4 30. Re1 Rxa3 31. Rxe6 Rc2+ 32. Re2 Raa2 33.
Rxc2 Rxc2+ 34. Kf3 Rxh2 35. Kxf4 Rf2+ 36. Ke5 d4 37. Rd7 g6 38. Ke6 Rf4 39.
Rd8+ Rf8 40. Rxd4 Rb8 41. Rb4 h6 42. gxh6 Kh7 43. Kf6 Rb7 44. Kg5 Rb6 45. Rd4
Rb7 1/2-1/2

[Event "Paris-ch Open B"]
[Site "Paris"]
[Date "2012.07.10"]
[Round "4.9"]
[White "Said, Remi"]
[Black "Sochacki, Zenon"]
[Result "1-0"]
[WhiteElo "1782"]
[BlackElo "1884"]
[PlyCount "81"]
[EventDate "2012.07.07"]
[EventCountry "FRA"]
[SourceDate "2012.07.07"]

1. d4 d5 2. Nf3 Bf5 3. c4 e6 4. g3 Nd7 5. Bg2 Ngf6 6. Nc3 Bb4 7. Bg5 h6 8. Bxf6
Bxc3+ 9. bxc3 Nxf6 10. O-O dxc4 11. Qa4+ c6 12. Qxc4 O-O 13. Ne5 Ne4 14. Rfd1
Qa5 15. Rac1 Nd6 16. Qb3 Rfd8 17. c4 Rab8 18. c5 Nb5 19. e4 Bh7 20. d5 Nc7 21.
dxc6 Rxd1+ 22. Rxd1 Qxc5 23. Nd7 Qxc6 24. Nxb8 Qe8 25. Qxb7 Qa4 26. Rd2 Ne8 27.
Qc6 Qxc6 28. Nxc6 a6 29. Rd8 Kf8 30. Ra8 g5 31. Rxa6 Nf6 32. f3 g4 33. Ra4 Ke8
34. Rd4 Nd7 35. f4 f6 36. a4 Bg8 37. e5 fxe5 38. Nxe5 Nb6 39. a5 Nd5 40. Bxd5
exd5 41. a6 1-0

[Event "Paris-ch Open B"]
[Site "Paris"]
[Date "2012.07.10"]
[Round "4.10"]
[White "Cros, Pierre Emmanuel"]
[Black "Graton, Tanguy"]
[Result "0-1"]
[WhiteElo "1774"]
[BlackElo "1834"]
[PlyCount "92"]
[EventDate "2012.07.07"]
[EventCountry "FRA"]
[SourceDate "2012.07.07"]

1. e4 d6 2. d4 Nf6 3. Nc3 Nbd7 4. Nf3 e5 5. dxe5 dxe5 6. Bd3 Bc5 7. O-O c6 8.
Bg5 Qc7 9. h3 O-O 10. Na4 Be7 11. Re1 b5 12. Nc3 Bb7 13. a3 a6 14. Nh4 g6 15.
Nf3 Rfd8 16. Qc1 c5 17. Rb1 c4 18. Bf1 Nc5 19. Bxf6 Bxf6 20. Qh6 Bg7 21. Qh4
Ne6 22. Ng5 Nxg5 23. Qxg5 Rd4 24. Rbd1 Rad8 25. Be2 f6 26. Qe3 Qa5 27. f3 Bf8
28. Qc1 Bxa3 29. Nd5 Bc5 30. Nxf6+ Kf7 31. Kh2 Kxf6 32. c3 Rxd1 33. Bxd1 Qc7
34. Qh6 Bf8 35. Qh4+ Kg7 36. f4 exf4 37. e5 Be7 38. Qxf4 Rf8 39. Qd4 Bc5 40.
Qg4 Rf2 41. Re2 Rxe2 42. Bxe2 Qxe5+ 43. Kh1 Qe3 44. Qd7+ Kh6 45. Qd1 Qf2 46.
Qd2+ Be3 0-1

[Event "Paris-ch Open B"]
[Site "Paris"]
[Date "2012.07.11"]
[Round "5.2"]
[White "Vuddamalay, Milan"]
[Black "Jacq, Rene"]
[Result "1/2-1/2"]
[WhiteElo "1857"]
[BlackElo "1818"]
[PlyCount "80"]
[EventDate "2012.07.07"]
[EventCountry "FRA"]
[SourceDate "2012.07.07"]

1. d4 d5 2. c4 c6 3. Nc3 Nf6 4. cxd5 cxd5 5. Nf3 e6 6. Bf4 Bd6 7. Bxd6 Qxd6 8.
e3 O-O 9. Be2 Nc6 10. O-O Bd7 11. Rc1 Rac8 12. a3 Rfe8 13. b4 a5 14. b5 Ne7 15.
Qa4 b6 16. Rc2 Ne4 17. Rfc1 Nxc3 18. Rxc3 Rxc3 19. Rxc3 Rc8 20. Qb3 f6 21.
Rxc8+ Bxc8 22. Qc3 Bb7 23. h3 Qd8 24. Kf1 Qc8 25. Qxc8+ Nxc8 26. Bd3 g6 27. Ke2
Kf7 28. g4 h6 29. h4 g5 30. hxg5 hxg5 31. Kd2 Nd6 32. Kc3 Bc8 33. Nd2 Bd7 34.
a4 Ke7 35. e4 dxe4 36. Bxe4 Be8 37. f3 Bd7 38. Bd3 Bc8 39. Be4 Bd7 40. Ba8 Be8
1/2-1/2

[Event "Paris-ch Open B"]
[Site "Paris"]
[Date "2012.07.11"]
[Round "5.3"]
[White "Hajage, Michael"]
[Black "Marceau, Amaury"]
[Result "1/2-1/2"]
[WhiteElo "1818"]
[BlackElo "1843"]
[PlyCount "105"]
[EventDate "2012.07.07"]
[EventCountry "FRA"]
[SourceDate "2012.07.07"]

1. e4 c5 2. Nc3 e6 3. f4 Nc6 4. Nf3 Qc7 5. Bb5 a6 6. Bxc6 Qxc6 7. O-O b5 8. Ne5
Qc7 9. a3 Bd6 10. d3 h5 11. Qf3 Ne7 12. Nxf7 Kxf7 13. e5 Bb7 14. Ne4 Nf5 15.
exd6 Bxe4 16. dxe4 Nxd6 17. f5 Raf8 18. Qg3 Ne8 19. Qg6+ Kg8 20. fxe6 dxe6 21.
Qxe6+ Kh7 22. Be3 Nf6 23. Qf5+ g6 24. Qxc5 Qb7 25. e5 Rc8 26. Qd6 Rxc2 27. Rf2
Ne4 28. Qd3 Nxf2 29. Qxc2 Ng4 30. Bd4 Rc8 31. Qe2 Qd5 32. Rd1 Rd8 33. e6 Re8
34. e7 Qd6 35. g3 Rxe7 36. Qf3 Qe6 37. Qf8 Ne5 38. Rf1 Rf7 39. Rxf7+ Qxf7 40.
Qxf7+ Nxf7 41. Kf2 g5 42. Ke3 Kg6 43. Ke4 g4 44. Be3 Ng5+ 45. Bxg5 Kxg5 46. Ke5
Kg6 47. Ke6 Kg5 48. Ke5 Kg6 49. Ke6 Kg5 50. Kf7 Kf5 51. Kg7 Kg5 52. Kf7 Kf5 53.
Kg7 1/2-1/2

[Event "Paris-ch Open B"]
[Site "Paris"]
[Date "2012.07.11"]
[Round "5.4"]
[White "Graton, Tanguy"]
[Black "Lalanne, Tony"]
[Result "1-0"]
[WhiteElo "1882"]
[BlackElo "1723"]
[PlyCount "86"]
[EventDate "2012.07.07"]
[EventCountry "FRA"]
[SourceDate "2012.07.07"]

1. e4 c5 2. Nf3 d6 3. d4 cxd4 4. Bb5+ Bd7 5. Bxd7+ Nxd7 6. Nxd4 Ngf6 7. O-O e6
8. f3 Be7 9. Be3 O-O 10. c4 Rc8 11. Nc3 Ne5 12. b3 d5 13. exd5 exd5 14. Nxd5
Nxd5 15. cxd5 Qxd5 16. Nf5 Qe6 17. Nxe7+ Qxe7 18. Bxa7 Ng6 19. Re1 Qa3 20. Bb6
Qb4 21. Qd4 Qxd4+ 22. Bxd4 Rc2 23. Rec1 Rfc8 24. Rxc2 Rxc2 25. g3 Nf8 26. Re1
Ne6 27. a4 h5 28. Bf2 Nc5 29. Re8+ Kh7 30. Bxc5 Rxc5 31. Re7 b6 32. Rxf7 Rc3
33. Rf5 Rxb3 34. Rxh5+ Kg6 35. Rb5 Rxb5 36. axb5 Kf5 37. h4 Ke5 38. g4 Kd4 39.
h5 Kc5 40. g5 Kxb5 41. h6 Kc4 42. hxg7 b5 43. g8=Q+ Kc3 1-0

[Event "Paris-ch Open B"]
[Site "Paris"]
[Date "2012.07.11"]
[Round "5.5"]
[White "Hounhouayenou, Augustin"]
[Black "Bournique, Bruno"]
[Result "0-1"]
[WhiteElo "1690"]
[BlackElo "1832"]
[PlyCount "104"]
[EventDate "2012.07.07"]
[EventCountry "FRA"]
[SourceDate "2012.07.07"]

1. e4 c5 2. Nf3 d6 3. d4 cxd4 4. Nxd4 Nf6 5. Nc3 a6 6. Be2 e6 7. O-O Be7 8. Kh1
O-O 9. f4 Qc7 10. Rf3 b5 11. a3 Bb7 12. Bd3 Nbd7 13. Rh3 Nc5 14. Qe2 Nxd3 15.
cxd3 g6 16. e5 Nd7 17. Nf3 Bxf3 18. Qxf3 dxe5 19. fxe5 Qxe5 20. Bf4 Qf5 21. g4
Qc5 22. Be3 Qd6 23. d4 Rac8 24. g5 f5 25. Rh4 Qc6 26. d5 Qb7 27. Qh3 Rf7 28.
Rd1 Bc5 29. Bxc5 Rxc5 30. Qg2 e5 31. Qf3 Nb6 32. Kg1 Nc4 33. Qf2 Rc8 34. d6 Qb6
35. Qxb6 Nxb6 36. Rh3 e4 37. Re3 Rd7 38. b3 Rc6 39. Nd5 Nxd5 40. Rxd5 Rdxd6 41.
Rxd6 Rxd6 42. Kf2 Rc6 43. b4 Kf7 44. h3 Ke6 45. h4 Ke5 46. Rh3 Rc2+ 47. Ke1 f4
48. h5 e3 49. hxg6 hxg6 50. Rh8 f3 51. Kd1 Ra2 52. Rf8 e2+ 0-1

[Event "Paris-ch Open B"]
[Site "Paris"]
[Date "2012.07.11"]
[Round "5.6"]
[White "Julien, Jules Alois"]
[Black "Said, Remi"]
[Result "1-0"]
[WhiteElo "1827"]
[BlackElo "1782"]
[PlyCount "33"]
[EventDate "2012.07.07"]
[EventCountry "FRA"]
[SourceDate "2012.07.07"]

1. a3 Nf6 2. Nf3 d5 3. e3 g6 4. c4 c6 5. Nc3 Bg7 6. d4 Bf5 7. Ne5 Nbd7 8. f4
Nxe5 9. fxe5 Ne4 10. Be2 e6 11. O-O Qc7 12. Bf3 Nxc3 13. bxc3 dxc4 14. e4 O-O-O
15. Qa4 Qb8 16. Kh1 Rxd4 17. Be3 1-0

[Event "Paris-ch Open B"]
[Site "Paris"]
[Date "2012.07.11"]
[Round "5.7"]
[White "Di Giorgio, Daniele"]
[Black "Jacquemin, William"]
[Result "1/2-1/2"]
[WhiteElo "1810"]
[BlackElo "1763"]
[PlyCount "23"]
[EventDate "2012.07.07"]
[EventCountry "FRA"]
[SourceDate "2012.07.07"]

1. e4 d6 2. d4 Nf6 3. Nc3 e5 4. dxe5 dxe5 5. Qxd8+ Kxd8 6. Bg5 Be6 7. O-O-O+
Nbd7 8. Nge2 Bd6 9. h3 h6 10. Be3 a6 11. f4 exf4 12. Bxf4 1/2-1/2

[Event "Paris-ch Open B"]
[Site "Paris"]
[Date "2012.07.11"]
[Round "5.8"]
[White "Trouve, Guillaume"]
[Black "Vlahovic, Dimitri"]
[Result "1-0"]
[WhiteElo "1796"]
[BlackElo "1753"]
[PlyCount "99"]
[EventDate "2012.07.07"]
[EventCountry "FRA"]
[SourceDate "2012.07.07"]

1. e4 e6 2. d4 d5 3. Nc3 Nf6 4. Bg5 Be7 5. e5 Nfd7 6. h4 f5 7. Qh5+ g6 8. Qh6
Kf7 9. Bxe7 Qxe7 10. h5 Nf8 11. hxg6+ Nxg6 12. Be2 Nd7 13. Bh5 Ndf8 14. Nf3 Rg8
15. O-O-O Ke8 16. g4 c6 17. gxf5 exf5 18. Rdg1 Qg7 19. Qe3 Kd8 20. Ng5 f4 21.
Qf3 h6 22. Nh3 Bxh3 23. Qxh3 Qh7 24. Bxg6 Nxg6 25. Qxh6 Qxh6 26. Rxh6 Ne7 27.
Rxg8+ Nxg8 28. Rh7 Rb8 29. Rf7 Ke8 30. Rxf4 Ke7 31. Kd2 Nh6 32. Ne2 Nf7 33. Ng3
Rg8 34. Rf6 Ng5 35. Nf5+ Kd8 36. Nd6 Kc7 37. Ke3 b5 38. f4 Nh3 39. f5 Rg3+ 40.
Kd2 a5 41. c3 Rg2+ 42. Kc1 Nf2 43. Rg6 Nd3+ 44. Kd1 Rxb2 45. f6 Nf4 46. Rg7+
Kb6 47. f7 Ne6 48. Rg6 Nf8 49. Rg8 Ne6 50. Re8 1-0

[Event "Paris-ch Open B"]
[Site "Paris"]
[Date "2012.07.12"]
[Round "5.9"]
[White "Mostefai, Malik"]
[Black "Theodore, Simon"]
[Result "0-1"]
[WhiteElo "1791"]
[BlackElo "1793"]
[PlyCount "74"]
[EventDate "2012.07.07"]
[EventCountry "FRA"]
[SourceDate "2012.07.07"]

1. d4 d5 2. c4 c6 3. cxd5 cxd5 4. Bg5 Nf6 5. Nc3 e6 6. e3 Bb4 7. Bd3 O-O 8.
Nge2 Nbd7 9. O-O b6 10. Rc1 Bb7 11. f4 Be7 12. h3 Ne4 13. Bxe7 Qxe7 14. Nxe4
dxe4 15. Bb5 Nf6 16. Nc3 Rfc8 17. Qd2 Qb4 18. a3 Qe7 19. f5 a6 20. Be2 e5 21.
d5 b5 22. d6 Qd7 23. Rfd1 Rd8 24. Qc2 Rac8 25. Qb1 Qxf5 26. Na2 Rxc1 27. Qxc1
Nd5 28. Qc5 Qe6 29. Qa7 Qd7 30. Bg4 f5 31. Bxf5 Qxf5 32. Qxb7 Nxe3 33. Qe7 Rf8
34. Rd2 Qf1+ 35. Kh2 Qf4+ 36. Kg1 Nf1 37. Qe6+ Kh8 0-1

[Event "Paris-ch Open B"]
[Site "Paris"]
[Date "2012.07.12"]
[Round "5.10"]
[White "Mayot, Philippe"]
[Black "Apap, Hugo"]
[Result "0-1"]
[WhiteElo "1885"]
[BlackElo "1738"]
[PlyCount "88"]
[EventDate "2012.07.07"]
[EventCountry "FRA"]
[SourceDate "2012.07.07"]

1. d4 d5 2. c4 c6 3. Nf3 e6 4. e3 Nf6 5. Nc3 Nbd7 6. Bd3 Bd6 7. O-O O-O 8. Qc2
dxc4 9. Bxc4 b5 10. Bd3 a6 11. Ne4 Qc7 12. Nxd6 Qxd6 13. Bd2 h6 14. b4 Bb7 15.
e4 e5 16. dxe5 Nxe5 17. Nxe5 Qxe5 18. Bc3 Qe7 19. Rfe1 Rfd8 20. Bf1 Rd7 21. Qb2
Rad8 22. Re3 Kf8 23. Be2 Ne8 24. Re1 Qe6 25. h3 Qg6 26. Rg3 Qh7 27. Bg4 Re7 28.
Bf5 g6 29. Bg4 h5 30. Bd1 Qh6 31. e5 Bc8 32. Bb3 Be6 33. Rd1 Rxd1+ 34. Bxd1 Rd7
35. Bc2 h4 36. Re3 Nc7 37. Bd4 Nd5 38. Bc5+ Kg8 39. Rf3 Qg5 40. Ra3 Nf4 41. Be4
Rd1+ 42. Kh2 Nxg2 43. Qe2 Ne3 44. Bxe3 Qg1# 0-1

[Event "Paris-ch Open B"]
[Site "Paris"]
[Date "2012.07.12"]
[Round "6.2"]
[White "Stili, Karim"]
[Black "Hajage, Michael"]
[Result "0-1"]
[WhiteElo "1858"]
[BlackElo "1818"]
[PlyCount "76"]
[EventDate "2012.07.07"]
[EventCountry "FRA"]
[SourceDate "2012.07.07"]

1. e4 e5 2. d4 exd4 3. Qxd4 Nc6 4. Qe3 Nf6 5. Nc3 Bb4 6. Bd2 O-O 7. O-O-O Re8
8. Qg3 Rxe4 9. Bd3 Rg4 10. Qh3 d5 11. f3 d4 12. Nce2 Bxd2+ 13. Rxd2 Rg5 14. g4
Qd5 15. Kb1 Bxg4 16. Qh4 Bxf3 17. Nxf3 Qxf3 18. Ng3 Rh5 19. Be4 Qxh1+ 20. Bxh1
Rxh4 21. Nf5 Rf4 22. Ng3 Nh5 23. Bg2 Nxg3 24. hxg3 Rg4 25. b3 Rxg3 26. Kb2 Rd8
27. Be4 Re3 28. Bd3 Ne5 29. Bf1 d3 30. a4 Rd7 31. Ka3 Nc4+ 32. bxc4 dxc2+ 33.
Kb2 Rxd2 34. a5 Re1 35. Kb3 c1=Q 36. Kb4 Qb2+ 37. Kc5 Qe5+ 38. Kb4 Rb2+ 0-1